| 000 | 00860cam a2200289 a 4500 | ||
|---|---|---|---|
| 999 |
_c4409 _d4409 |
||
| 001 | 1913150 | ||
| 003 | GZU | ||
| 005 | 20210316090751.0 | ||
| 008 | 850405s1984 enk 000 0 eng | ||
| 010 | _a 84981049 | ||
| 020 | _a0869253212 (pbk.) | ||
| 040 |
_aDLC _cDLC _dDLC |
||
| 050 | 0 | 0 |
_aPR9390.9 MAR 1997 _bA6 1997 |
| 082 | 0 | 0 |
_a828 _219 |
| 100 | 1 |
_aMarechera, Dambudzo. _eauthor |
|
| 240 | 1 | 0 |
_aWorks. _kSelections. _f1997 |
| 245 | 1 | 0 |
_aMindblast, or, The definitive buddy / _cDambudzo Marechera. |
| 260 |
_aHarare : _bCollege Press, _c1997 |
||
| 300 |
_a159 p. ; _c21 cm. |
||
| 440 | 0 | _aModern writers of Zimbabwe | |
| 500 | _aLiterary collections | ||
| 651 | 0 |
_aZimbabwe _xLiterary collections. |
|
| 740 | 0 | _aMindblast. | |
| 740 | 0 | _aDefinitive buddy. | |
| 906 |
_a7 _bcbc _corignew _d3 _encip _f19 _gy-gencatlg |
||
| 942 |
_2lcc _cBK _h9390.9 _iMAR _kPR |
||